Italian irregular plurals - Statistics

General Stats
  • This quiz has been taken 33 times
    32 since last reset
  • The average score is 30 of 78
Answer Stats
Hint Answer % Correct
Friends Amici
94%
Friend Amico
94%
Man Uomo
89%
Doctors Medici
78%
Doctor Medico
78%
Men Uomini
78%
Wing Ala
72%
Wings Ali
72%
Weapon Arma
72%
Weapons Armi
72%
Asparagi Asparagi
72%
Asparagus Asparago
72%
Species Specie
72%
Species Specie
72%
Boa Boa
67%
Boas Boa
67%
Arm Braccio
67%
Gorilla Gorilla
67%
Gorillas Gorilla
67%
Egg Uovo
67%
Arms Braccia
61%
Bones Ossa
61%
Bone Osso
61%
Temples Templi
61%
Mosaic Mosaico
56%
Eggs Uova
56%
Horns Corna
50%
Horn Corno
50%
Finger Dito
50%
Lips Labbra
50%
Lip Labbro
50%
Brain Cervello
44%
Fingers Dita
44%
Mosaics Mosaici
44%
Temple Tempio
44%
Cargos Carichi
39%
Cargo Carico
39%
The god Il dio
39%
Miles Miglia
39%
Mile Miglio
39%
Pairs Paia
39%
Pair Paio
39%
Laughters Risa
39%
Laughter Riso
39%
The gods Gli dèi
28%
The echo L’eco
28%
Ox Bue
22%
Oxen Buoi
22%
Cerebral matter Cervella
22%
Thousands Migliaia
22%
Eyebrows Sopracciglia
22%
Eyebrow Sopracciglio
22%
Executioner Boia
17%
Executioners Boia
17%
Eyelashes Ciglia
17%
Eyelash Ciglio
17%
The echoes Gli echi
17%
Greeks Grieci
17%
Greek Grieco
17%
Misunderstandings Equivoci
11%
Misunderstanding Equivoco
11%
Bed sheets Lenzuola
11%
Bed sheet Lenzuolo
11%
Thousand Migliaio
11%
Human shouts Grida
6%
Human shout Grido
6%
The prison Il carcere
6%
The flock Il gregge
6%
The prisons Le carceri
6%
The flocks Le greggi
6%
Opponents Nemici
6%
Opponent Nemico
6%
Centuries Centinaia
0%
Century Centinaio
0%
Medicines Farmaci
0%
Medicine Farmaco
0%
Mountain passes Valichi
0%
Mountain pass Valico
0%
No matching quizzes found
Score Distribution
Percent of People with Each Score
Percentile by Number Answered
Your Score History
You have not taken this quiz since the last reset